000
00306nam a2200121Ia 4500
005
20260328104345.0
008
260328s9999||||xx |||||||||||||| ||und||
100
_a
Friedman, Sarah
245
0
_a
Buenos Aires travel Guide 2024-2025 /
_c
Sarah Friedman
300
_a
73 p.
650
_a
ARGENTINA
942
_c
BK
999
_c
12295
_d
12295